Movie By Plot Twist - Statistics

General Stats
  • This quiz has been taken 224 times
  • The average score is 5 of 15
Answer Stats
Plot twist Movie % Correct
Brad Pitt is Ed Norton Fight Club
87%
Keyser Söze isn't real The Usual Suspects
64%
Darth Vader is Luke's Father The Empire Strikes Back
50%
Teddy is a patient Shutter Island
46%
The whole movie is backwards Memento
43%
Dr Malcolm Crowe is Dead The Sixth Sense
43%
Last word is childhood memory? Citizen Kane
40%
Boy travels back in time to die in a plane crash Donnie Darko
21%
Esther is actually a 33 year old who suffers from growth disorder Orphan
21%
Transportation device is actually a cloning machine The Prestige
21%
The psychopath's victims are still alive. American Psycho
10%
There never was an Aaron Primal Fear
10%
Jody's girlfriend is a transgender? The Crying Game
10%
"Those we don't speak of" aren't real The Village
10%
The antagonist survives by possessing a cat Fallen
2%
No matching quizzes found
Score Distribution
Percent of People with Each Score
Percentile by Number Answered
Your Score History
You have not taken this quiz